000 00737cab a2200253 4500
001 WB2907-50
008 090401t1993 xxu||||| |||| 00| 0 eng d
035 _a(Sirsi) u54701
041 _aeng
245 _aEurope to spend out of recession
260 _c1993
350 _a0
490 _aConstruction News
_v(6302) 18 February 1993, 12(2)
520 _aEurope`s construction industry is hoping to spend its way out of the recession. Country by country report.
650 _aCAPITAL SPENDING
650 _aCONSTRUCTION INDUSTRY
650 _aCONSTRUCTION MARKET
650 _aPUBLIC SPENDING
650 _aROADBUILDING
690 _aBUILT ENVIRONMENT
690 _aOVERSEAS-EUROPE
942 _n0
948 _c04/03/1997
999 _c33535
_d33535